Topografická a tematická kartografie /

Main Author: Veverka, Bohuslav, 1945-2021
Corporate Author: České vysoké učení technické v Praze. Stavební fakulta
Language: Czech
Published: Praha : České vysoké učení technické, 1995
Edition: Vyd. 2. přeprac.
Physical Description: 202 s. : il., fot., tab., m. ; 29 cm
Book
Saved in:
LEADER 01516nam a2200337 a 4500
001 000021935
003 CZ BrMZK
005 20190105161309.0
008 950313s1995 xr f cze d
015 |a cnb000093041 
020 |a 80-01-01245-X 
040 |a BOA001  |b cze 
080 |a 528.94(075.8)  |2 MRF 
100 1 |a Veverka, Bohuslav,  |d 1945-2021  |7 jn20000402531  |4 aut 
245 1 0 |a Topografická a tematická kartografie /  |c Bohuslav Veverka 
250 |a Vyd. 2. přeprac. 
260 |a Praha :  |b České vysoké učení technické,  |c 1995 
300 |a 202 s. :  |b il., fot., tab., m. ;  |c 29 cm 
500 |a Dotisk 1997 
500 |a Určeno pro všechny formy studia oboru geodézie a kartografie na stavební fak. Čes. vys. učení techn. v Praze 
504 |a Obsahuje bibliografii 
653 0 |a tematická kartografie  |a topografická kartografie 
710 2 |a České vysoké učení technické v Praze.  |b Stavební fakulta  |7 kn20010710181 
910 |a BOA001  |b TK-A-0256.883  |b TK-A-0261.315 
920 |a 000197564 
962 |a 528.9 
990 |a BK 
996 7 |b 2620000718  |c TK-A-0256.883  |l MZK  |r Sklad / do 24 hodin  |n 14  |p kup  |w 000021935  |u 000010  |a 1  |e BOA001  |j MZK50  |s A 
996 7 |b 2620000719  |c TK-A-0256.883  |l MZK  |r Sklad / do 24 hodin  |n 15  |p kup  |w 000021935  |u 000020  |a 1  |e BOA001  |j MZK50  |s A 
996 7 |b 2620007655  |c TK-A-0261.315  |l MZK  |r Sklad / do 24 hodin  |n 37  |p kup  |w 000021935  |u 000030  |a 1  |e BOA001  |j MZK50  |s A 
996 7 |b 2620007656  |c TK-A-0261.315  |l MZK  |r Sklad / do 24 hodin  |n 38  |p kup  |w 000021935  |u 000040  |a 1  |e BOA001  |j MZK50  |s A